Sports Quiz

Random Sports or Baseball Quiz
Score 0/107 Timer 15:00
1 Play Today
HR Player % Correct
53Pete Alonso
97.6%
45Mike Trout
96%
37Josh Bell
95.8%
47Cody Bellinger
95.4%
44Christian Yelich
94.2%
41Nolan Arenado
92.3%
41Ronald Acuna Jr.
92.3%
38Freddie Freeman
91.9%
41Alex Bregman
91.5%
39George Springer
90.3%
35Bryce Harper
88.4%
49Eugenio Suarez
88.1%
41Nelson Cruz
87.8%
31Kris Bryant
87.5%
48Jorge Soler
87.5%
27Aaron Judge
86.8%
29Mookie Betts
86.5%
27Anthony Rizzo
86.4%
36Matt Chapman
84.7%
36J.D. Martinez
84.1%
35Trevor Story
83%
31Jose Altuve
81.8%
37Josh Donaldson
81.5%
38Gleyber Torres
81.3%
34Anthony Rendon
81.3%
29Javier Baez
80.3%
34Juan Soto
79.6%
32Francisco Lindor
79.3%
34Paul Goldschmidt
78.2%
34Gary Sanchez
77.7%
36Matt Olson
76.7%
32Manny Machado
76.7%
32Charlie Blackmon
76%
38Kyle Schwarber
75.8%
35Max Muncy
75.6%
23Khris Davis
75.1%
HR Player % Correct
32Ketel Marte
75.1%
23Starling Marte
75%
22J.D. Davis
74.8%
27Justin Turner
74.6%
33Jose Abreu
74%
33Xander Bogaerts
71.7%
34Edwin Encarnacion
71.2%
23Jose Ramirez
71.1%
32Rafael Devers
70.8%
34Carlos Santana
70.2%
28Danny Santana
70.1%
34Miguel Sano
69.8%
36Max Kepler
68.8%
23Kyle Seager
67.3%
35Trey Mancini
66.7%
24Ozzie Albies
65.7%
37Franmil Reyes
65.3%
36Joc Pederson
64.5%
33Marcus Semien
64.4%
22Joey Gallo
63.5%
33Michael Conforto
63.2%
35Mike Moustakas
62%
32Eddie Rosario
61.8%
31Yuli Gurriel
60.5%
22Fernando Tatis Jr.
59.3%
27Nicholas Castellanos
58.6%
29Marcell Ozuna
58.2%
29Rhys Hoskins
58%
22Ryan Braun
57.8%
26DJ LeMahieu
57.2%
23Albert Pujols
56.9%
35Eduardo Escobar
56.3%
31Mitch Garver
55.9%
24Yasiel Puig
55.8%
33Austin Meadows
55%
22Jorge Polanco
54.5%
HR Player % Correct
33Kole Calhoun
53.7%
28Brett Gardner
53.7%
28Yasmani Grandal
53.3%
27Yordan Alvarez
52.6%
22Michael Brantley
52.4%
30Paul DeJong
52.2%
22Eric Hosmer
52.1%
25J.T. Realmuto
51.7%
33Hunter Renfroe
50.2%
30Rougned Odor
49.3%
24Willson Contreras
48.6%
25Yoan Moncada
47.6%
22Justin Smoak
44.4%
30Daniel Vogelbach
43.6%
26Jay Bruce
43.3%
26Hunter Dozier
42.7%
23Jeff McNeil
42.1%
31Eloy Jimenez
41.2%
26Teoscar Hernandez
41%
31Randal Grichuk
40.4%
25Eric Thames
40%
24Roberto Perez
39.7%
24Jonathan Villar
39.5%
29Christian Walker
38.2%
23Jonathan Schoop
37.8%
22Starlin Castro
36.3%
31Renato Nunez
35.5%
25C.J. Cron
35.1%
24Ramon Laureano
33.9%
24Shin-Soo Choo
30.9%
23Christian Vazquez
28.4%
26Mark Canha
26.3%
23Freddy Galvis
25.1%
24Ryan McMahon
21%
22Omar Narvaez
15.3%
Remove Ads.
Support Sporcle.
Get the best of Sporcle when you Go Orange. This ad-free experience offers more features, more stats, and more fun while also helping to support Sporcle. Thank you for becoming a member.

You're not logged in!

Compare scores with friends on all Sporcle quizzes.
OR
Log In

Show Comments

Extras

Top Quizzes Today


Score Distribution

Your Account Isn't Verified!

In order to create a playlist on Sporcle, you need to verify the email address you used during registration. Go to your Sporcle Settings to finish the process.

Report this User

Report this user for behavior that violates our Community Guidelines.

Details: